00365nam a22001217a 4500020001800000040000900018082001500027100002500042110003500067245007200102260003900174650003000213 a9789332518407 cNUST a004.16 MAZ aMazidi, Muhammad Ali aNaimi, Sarmad. Naimi, Sepehr aThe AVR Microcontroller and Embedded Systems:bUsing Assembly and C aChennai:bPerson Education,c2018. aEmbedded computer systems